Del epos a la historia científica; una visión de la histografía a través del método /

Guardado en:
Autor Principal: Cassani, Jorge Luis
Formato: Libro
Publicado: Buenos Aires : Nova, 1968
Materias:
Etiquetas: Agregar Etiqueta
Sin Etiquetas, Sea el primero en etiquetar este registro!
LEADER 00664nam a22001935a 4500
001 CEM.cems001480
005 20060214000000.0
008 130507s1968##################000#0#####d
003 CEMS
082 0 4 |a 900.1 
100 1 |a Cassani, Jorge Luis 
245 1 0 |a Del epos a la historia científica; una visión de la histografía a través del método / 
260 |a Buenos Aires :  |b Nova,  |c 1968 
300 |a 232 p. 
653 |a Historia 
653 |a Historia-teoria 
859 |a CEMS  |b BIB. CEMS - 11 de abril  |h 900.1  |i C262  |p 2258.74  |t Ej.1 
859 |a CEMS  |b BIB. CEMS - 11 de abril  |h 900.1  |i C262  |p 2259.74  |t Ej.2 
859 |a CEMS  |b BIB. CEMS - 11 de abril  |h 900.1  |i C262  |p 2260.74  |t Ej.3